000 00334pam a2200157a 44500
008 230515b1967 xxu||||| |||| 00| 0 eng d
020 _aNULL
041 _aHINDI
082 _a1
100 _aYADAVSHARMANA
245 _aGADH NIGRAH-1
250 _a1
260 _aSANGAI
_bN.D.
_c1967
300 _a100
650 _aGADH NIGRAH-1
999 _c497014
_d497014